banner-ar

OLD WORLD TO NEW: THE AGE OF EXPLORATION AND DISCOVERY / (Record no. 15738)

MARC details
000 -الفاتح
حقل البيانات ثابتة الطول 00580nam a2200193Ia 4500
008 - عناصر البيانات ثابتة الطول - معلومات عامة
حقل البيانات ثابتة الطول 140319s9999 xx 000 0 eng d
040 ## - مصدر الفهرسة
وكالة الفهرسة الأصلية GCL /
وكالة النسخ GCL
082 04 - رقم تصنيف ديوى العشرى
رقم التصنيف 910.922
رقم المادة P O
100 1# - المدخل الرئيسى - إسم شخصى
الإسم الشخصى PODELL, JANET
245 10 - بيان العنوان
العنوان OLD WORLD TO NEW: THE AGE OF EXPLORATION AND DISCOVERY /
بيان المسئوليه,etc PODELL, JANET
700 1# - المدخل الاضافى - اسم شخصى
الإسم الشخصى ANZOUIN, STEVEN
260 ## - PUBLICATION, DISTRIBUTION, ETC. (IMPRINT)
تاريخ النشر أو التوزيع 1993
300 ## - الوصف المادى
التعداد 286 P
650 04 - المدخل الاضافى بالموضوع-مصطلح موضوعى
مصطلح موضوعي BIOGRAPHY - DICTIANARIES
650 04 - المدخل الاضافى بالموضوع-مصطلح موضوعى
مصطلح موضوعي EXPLORESS - BIOGRAPHY - DICTIONARY
650 04 - المدخل الاضافى بالموضوع-مصطلح موضوعى
مصطلح موضوعي SCIENCE - BIOGROPHY - DICTIONARY
942 ## - عناصر المدخل الإضافي( كوها)
مصدر التصنيف او مخطط الترفيف Dewey Decimal Classification
Koha [default] item type كتاب
260 ## - PUBLICATION, DISTRIBUTION, ETC. (IMPRINT)
-- [S.N] :
-- THE H. W. WILSON COMPANY ،
Holdings
حالة التراجع حالة الفقد حالة تلف ليس للاعارة المكان المؤقت الموقع الحالى تاريخ الاكتساب اجمالي اﻻعارات رقم الطلب الباركود تاريخ اخر مشاهدة تاريخ تفعيل السعر نوع وعاء كوها
        مكتبة القاهرة الكبرى مكتبة القاهرة الكبرى 03/26/2014   910.922\P O 28998 03/26/2014 03/26/2014 كتاب

Powered By

EGPV